000 00931nam a2200277 i 4500
001 189242
003 SpMaBN
005 20240105101541.0
008 190429s2001 sp d |||| | spa d
020 _a84-7962-183-4
080 _a003.083(038)
100 1 _aGalende Díaz, Juan Carlos.
_953372
245 1 0 _aDiccionario general de abreviaturas españolas
_b: [siglas-acrónimos-fórmulas y expresiones documentales] /
_cJuan Carlos Galende Díaz.
250 _a2ª ed. (corr. y aum.).
260 _aMadrid :
_bVerbum,
_c2001.
300 _a422 p. ;
_c20 cm.
490 1 _aVerbum diccionarios
500 _aÍndice.
504 _aBibliografía: p. 415-422.
650 7 _aAbreviaturas-
_vDiccionarios.
_9166929
650 7 _aSiglas-
_vDiccionarios.
_9166930
830 0 _aVerbum diccionarios
_9225798
852 _aES-MaACL
_jA-14531
_9196380
_bR.152052
_cDEPO1
_dOlim: N-7531
942 _2udc
999 _c189242
_d189242